000 00392nam a2200169Ia 4500
003 OSt
005 20240314104900.0
008 170619s9999 xx 000 0 und d
020 _a9780195613674
040 _cIIMT ENGINEERING COLLEGE
100 _aArora
245 0 _aIMPROVE YOUR WRITING
260 _bOXFORD UNIVERSITY PRESS
260 _c2008
546 _aENGLISH
942 _2ddc
_c02
999 _c18789
_d18789